Score 0/10 Timer 06:00
0 Plays Today
% Correct
Peter and Wendy by J.M. Barrie
97.8%
Winnie-the-Pooh by A.A. Milne
96.2%
The Lost World by Michael Crichton
91.1%
The Hobbit by J.R.R. Tolkien
87.5%
Harry Potter and the Prisoner of Azkaban by J.K. Rowling
76%
The Wind in the Willows by Kenneth Grahame
47.7%
The Phantom Tollbooth by Norton Juster
18.6%
King Solomon's Mines by Sir H. Rider Haggard
17.6%
Dracula by Bram Stoker
13.1%
Leviathan by Scott Westerfeld
4.8%
Remove Ads.
Support Sporcle.
Get the best of Sporcle when you Go Orange. This ad-free experience offers more features, more stats, and more fun while also helping to support Sporcle. Thank you for becoming a member.

You're not logged in!

Compare scores with friends on all Sporcle quizzes.
OR
Log In

Show Comments

Extras

Top Quizzes Today


Score Distribution

Your Account Isn't Verified!

In order to create a playlist on Sporcle, you need to verify the email address you used during registration. Go to your Sporcle Settings to finish the process.

Report this User

Report this user for behavior that violates our Community Guidelines.

Details: